RICS global commercial property survey (Record no. 111443)
[ view plain ]
| 000 -LEADER | |
|---|---|
| fixed length control field | 01795cad a22002535a 4500 |
| 001 - CONTROL NUMBER | |
| control field | L151559 |
| 008 - FIXED-LENGTH DATA ELEMENTS--GENERAL INFORMATION | |
| fixed length control field | 101117s2010 xxkad f s 000 0 eng d |
| 035 ## - SYSTEM CONTROL NUMBER | |
| System control number | (Sirsi) u151559 |
| 041 0# - LANGUAGE CODE | |
| Language code of text/sound track or separate title | eng |
| 050 04 - LIBRARY OF CONGRESS CALL NUMBER | |
| Classification number | 333.33 $2 18 |
| 110 2# - MAIN ENTRY--CORPORATE NAME | |
| Corporate name or jurisdiction name as entry element | Royal Institution of Chartered Surveyors |
| Subordinate unit | Economics |
| 9 (RLIN) | 5033 |
| 245 00 - TITLE STATEMENT | |
| Title | RICS global commercial property survey |
| Remainder of title | Q3 2010 |
| Medium | [electronic resource] |
| 260 ## - PUBLICATION, DISTRIBUTION, ETC. | |
| Place of publication, distribution, etc. | London |
| Name of publisher, distributor, etc. | RICS |
| Date of publication, distribution, etc. | 2010 |
| 490 #0 - SERIES STATEMENT | |
| Series statement | RICS Global Commercial Property Survey United Kingdom |
| Volume/sequential designation | Q3 2010 |
| 520 ## - SUMMARY, ETC. | |
| Summary, etc. | RICS Global Commercial Property Survey Q3 2010 provides further evidence of a 'two speed' recovery in property markets across the globe. Markets in emerging Asia and Latin America are leading the more developed economies such as the US, UK, Euro Area and Japan. China, Hong Kong, Brazil and Singapore are the strongest performers in the commercial property markets. Occupier markets in the majority of countries are firming with 70% of countries seeing a positive net balance from tenants. Rental expectations are increasing in just over one third of the countries. Significantly occupier recovery in the UK seems to be stalling. |
| 520 ## - SUMMARY, ETC. | |
| Summary, etc. | Also separate regional commercial property surveys for the Americas; Europe; Hong Kong, China and Singapore; India; Oceania; and United Arab Emirates. |
| 590 ## - LOCAL NOTE (RLIN) | |
| Local note | KA |
| 650 24 - SUBJECT ADDED ENTRY--TOPICAL TERM | |
| Topical term or geographic name entry element | RICS GLOBAL COMMERCIAL PROPERTY SURVEY |
| 651 #4 - SUBJECT ADDED ENTRY--GEOGRAPHIC NAME | |
| Geographic name | International |
| 690 ## - LOCAL SUBJECT ADDED ENTRY--TOPICAL TERM (OCLC, RLIN) | |
| Topical term or geographic name as entry element | PROPERTY-COMMERCIAL PROPERTY-COMMERCIAL PROPERTY MARKET |
| 856 40 - ELECTRONIC LOCATION AND ACCESS | |
| Uniform Resource Identifier | <a href="https://www.rics.org/site/download_feed.aspx?fileID=7714&fileExtension=PDF">https://www.rics.org/site/download_feed.aspx?fileID=7714&fileExtension=PDF</a> |
| Public note | View the survey free of charge at www.rics.org |
| 856 40 - ELECTRONIC LOCATION AND ACCESS | |
| Uniform Resource Identifier | <a href="https://www.rics.org/site/scripts/download_info.aspx?downloadID=6025">https://www.rics.org/site/scripts/download_info.aspx?downloadID=6025</a> |
| Public note | View the regional commercial property surveys free of charge at www.rics.org |
| 942 ## - ADDED ENTRY ELEMENTS (KOHA) | |
| Suppress in OPAC | 0 |
| Withdrawn status | Lost status | Source of classification or shelving scheme | Damaged status | Not for loan | Home library | Current library | Shelving location | Date acquired | Total Checkouts | Full call number | Barcode | Date last seen | Copy number | Price effective from | Koha item type |
|---|---|---|---|---|---|---|---|---|---|---|---|---|---|---|---|
| Dewey Decimal Classification | Virtual | Virtual | Online | 17/11/2010 | ONLINE PUBLICATION | 151559-2001 | 06/08/2019 | 1 | 06/08/2019 | Book |